La sociología y el cambio social (Registro nro. 5811)
[ vista simple ]
| 000 -LEADER | |
|---|---|
| fixed length control field | 01401 a2200217 4500 |
| 001 - CONTROL NUMBER | |
| control field | 54795 |
| 005 - DATE AND TIME OF LATEST TRANSACTION | |
| control field | 20260407155824.0 |
| 008 - FIXED-LENGTH DATA ELEMENTS--GENERAL INFORMATION | |
| fixed length control field | 260407a1987 arg spa d |
| 003 - CONTROL NUMBER IDENTIFIER | |
| control field | AR-UNSa-BCEJYS |
| 040 ## - CATALOGING SOURCE | |
| Original cataloging agency | AR-UNSa-BCEJYS |
| Language of cataloging | spa |
| Transcribing agency | AR-UNSa-BCEJYS |
| 080 ## - UNIVERSAL DECIMAL CLASSIFICATION NUMBER | |
| Universal Decimal Classification number | 316 |
| Common auxiliary subdivision | Sociología |
| 100 1# - MAIN ENTRY--PERSONAL NAME | |
| Personal name | Lazarsfeld, Paul F. |
| 245 10 - TITLE STATEMENT | |
| Title | La sociología y el cambio social |
| 264 #1 - PRODUCTION, PUBLICATION, DISTRIBUTION, MANUFACTURE, AND COPYRIGHT NOTICE | |
| Place of production, publication, distribution, manufacture | Buenos Aires : |
| Name of producer, publisher, distributor, manufacturer | Paidós |
| Date of production, publication, distribution, manufacture, or copyright notice | 1987 |
| 300 ## - PHYSICAL DESCRIPTION | |
| Extent | 251 p. |
| Dimensions | 22 cm. |
| 505 ## - FORMATTED CONTENTS NOTE | |
| Formatted contents note | Parte I: Cambio social acelerado - 1. La sociología en las zonas en desarrollo,por Wilbert E. Moore - 2. Sociología rural,por Charles P. Loomis y Zona Kemp Loomis - 3. La sociología en el proceso de desegregación,por Thomas F. Pettigrew y Kurt W. Back - Parte II: Problemas institucionales de la sociología aplicada - 4. Los problemas éticos de la sociología aplicada,por Robert C. Angell - 5. La evaluación de los programas de acción social,por Herbert H. Hyman y Charles R. Wright - 6. La resistencia a los datos sociológicos: Estudio de un caso,por Judith R. Kramer - 7. El sociólogo en el medio no universitario,por John W. Riley - 8. Aplicaciones no convencionales de la sociología según lo ejemplifica la investigación para la paz,por Amitai Etzioni - 9. La contabilidad social,por Philip M. Hauser |
| 590 ## - LOCAL NOTE (RLIN) | |
| Local note | niveau_biblio:m niveau_hierar:0 |
| 700 1# - ADDED ENTRY--PERSONAL NAME | |
| Personal name | Sewell, William H. |
| 700 1# - ADDED ENTRY--PERSONAL NAME | |
| Personal name | Wilensky, Harold L. |
| 942 ## - ADDED ENTRY ELEMENTS (KOHA) | |
| Koha item type | |
| Withdrawn status | Lost status | Damaged status | Not for loan | Home library | Current library | Shelving location | Date acquired | Total checkouts | Full call number | Barcode | Date last seen | Price effective from | Koha item type |
|---|---|---|---|---|---|---|---|---|---|---|---|---|---|
| Biblioteca Prof. Eusebio Cleto del Rey | Biblioteca Prof. Eusebio Cleto del Rey | 07/04/2026 | 316 L431s | L23652 | 07/04/2026 | 07/04/2026 | Libro |